Compendio de Geografía Universal (Record no. 27899)

MARC details
000 -LEADER
campo de control de longitud fija 00872nam a2200205 i 4500
001 - NÚMERO DE CONTROL
campo de control 27899
003 - IDENTIFICADOR DE NÚMERO DE CONTROL
campo de control ES-MaACL
005 - FECHA Y HORA DE LA ÚLTIMA TRANSACCIÓN
campo de control 20260202063013.0
007 - CAMPO FIJO DE DESCRIPCIÓN FÍSICA--INFORMACIÓN GENERAL
campo de control de longitud fija t|
008 - DATOS DE LONGITUD FIJA--INFORMACIÓN GENERAL
campo de control de longitud fija 030115m18361837sp ||||1| spa d
100 1# - ENTRADA PRINCIPAL--NOMBRE DE PERSONA
Nombre de persona Balbi, Adriano,
Fechas asociadas al nombre 1782-1848
9 (RLIN) 24843
245 10 - MENCIÓN DEL TÍTULO
Título Compendio de Geografía Universal
Resto del título : redactado bajo un nuevo plan con presencia de los últimos tratados de paz y los descubrimientos mas recientes /
Mención de responsabilidad, etc. por Adrian Balbi ; tradúcelo del francés con varias notas y considerablemente aumentada y corregida en la parte de España Sebastian Fabregas.
260 ## - PUBLICACIÓN, DISTRIBUCIÓN, ETC.
Lugar de publicación, distribución, etc. Madrid :
Nombre del editor, distribuidor, etc. [s.n.],
Fecha de publicación, distribución, etc. 1836-1837 (
Fabricante Emilio Fernández de Angulo)
300 ## - DESCRIPCIÓN FÍSICA
Extensión 3 v. ;
Dimensiones 21 cm.
650 07 - PUNTO DE ACCESO ADICIONAL DE MATERIA--TÉRMINO DE MATERIA
Término de materia o nombre geográfico como elemento de entrada Geografía
Fuente del encabezamiento o término embne
9 (RLIN) 13070
651 #4 - PUNTO DE ACCESO ADICIONAL DE MATERIA--NOMBRE GEOGRÁFICO
Nombre geográfico España-
Subdivisión general Geografía.
9 (RLIN) 8200
700 1# - ENTRADA AGREGADA--NOMBRE PERSONAL
Nombre de persona Fábregas, Sebastián.
9 (RLIN) 48555
852 ## - LOCALIZACIÓN
Ubicación ES-MaACL
Número de control de estantería C-617-19
Holdings
Estatus retirado Estado de pérdida Estado de daño No para préstamo Colección Biblioteca de origen Biblioteca actual Ubicación en estantería Fecha de adquisición Fuente de adquisición Total de préstamos Signatura topográfica completa Código de barras Visto por última vez Precio de reemplazo Tipo de ítem Koha
        Libros del s. XIX Biblioteca del Ateneo de Madrid Biblioteca del Ateneo de Madrid Sala Palomar 17/01/2008     C-617-19 1028806 23/02/2023 23/02/2023 Libro impreso antiguo